Statistics for Click the Movie Title Ending #3

Click here to take the quiz!

General Stats

  • This quiz has been taken 36,703 times
  • The average score is 19 of 24

Answer Stats

HintAnswer% Correct
IndependenceDay
95%
RobinHood
95%
TopGun
94%
MaryPoppins
94%
PrettyWoman
92%
BatmanBegins
91%
Ocean'sEleven
90%
RockyBalboa
87%
SausageParty
86%
SpaceJam
85%
PanicRoom
84%
BlackSwan
81%
UncleBuck
80%
TeenWolf
80%
SleepyHollow
79%
BasicInstinct
78%
CruelIntentions
76%
ShortCircuit
73%
VanillaSky
72%
JungleCruise
66%
CoolRunnings
66%
EllaEnchanted
64%
CitySlickers
57%
SteelMagnolias
56%

Score Distribution

Percentile by Number Answered

Percent of People with Each Score

Your Score History

You have not taken this quiz